[Event "Gashimov Memorial-A 1st"]
[Site "Shamkir"]
[Date "2014.04.29"]
[Round "9"]
[White "Karjakin, Sergey"]
[Black "Nakamura, Hikaru"]
[Result "1/2-1/2"]
[WhiteElo "2772"]
[BlackElo "2772"]
[Annotator "Krasenkow,M"]
[PlyCount "80"]
[EventDate "2014.04.20"]
[EventType "tourn"]
[EventRounds "10"]
[EventCountry "AZE"]
[EventCategory "22"]
[SourceTitle "CBM 160"]
[Source "ChessBase"]
[SourceDate "2014.05.15"]
[SourceVersion "1"]
[SourceVersionDate "2014.05.15"]
[SourceQuality "1"]

1. d4 Nf6 2. c4 g6 3. Nc3 Bg7 4. e4 d6 5. Nf3 O-O 6. h3 e5 7. d5 a5 8. Bg5 Na6
{This system was examined in my theoretical survey in CBM 134.} 9. Nd2 (9. Be2
$1) 9... Qe8 (9... h6 10. Be3 Nd7 $1) 10. Be2 Nd7 11. a3 f6 12. Bh4 Nb6 13. b3
Bh6 14. f3 $146 {Hardly a successful novelty. Black trades dark-squared
bishops and obtains counterplay on the dark squares.} (14. O-O Nc5 15. Ra2 f5
16. f3 Be3+ 17. Bf2 Bxf2+ 18. Rxf2 {1-0 (45) Miroshnichenko,E (2651)-Tukhaev,A
(2517) Kharkov 2007} Bd7 $11) (14. Rb1 {is the best move. Here are some
developments seen in 2012-2014:} Bd7 (14... Nc5 15. O-O $1 (15. b4 axb4 16.
axb4 Nca4 17. Nb5 Qd8 (17... Qd7 $5 18. Qb3 Kh8 19. Nf3 f5 20. O-O $6 fxe4 21.
Nh2 Bf4 22. Bg4 Qg7 23. Bxc8 Rfxc8 24. Rfe1 g5 25. Bg3 Qg6 $15 {0-1 (42)
Ostenstad,B (2465)-Nakamura,H (2783) Rhodes 2013}) 18. Qc2 (18. Qb3 Kg7 19. Rd1
c6 20. Na3 c5 21. b5 Nd7 22. Nab1 Qa5 $132 {1/2 (48) Legky,N (2505)-Shirov,A 
(2710) France 1995}) 18... c6 19. Nxd6 Qxd6 20. c5 Qd8 21. dxc6 Bxd2+ 22. Qxd2
g5 23. Bg3 Qxd2+ 24. Kxd2 Rd8+ 25. Kc2 bxc6 26. cxb6 Nxb6 $11 {1/2 (60) Roeder,
M (2414)-Grandelius,N (2547) Aix-les-Bains 2011}) 15... f5 (15... Bd7 $142 {
- 14...Bd7}) 16. b4 axb4 17. axb4 Nca4 18. Nb5 Qd7 19. Qc2 c6 (19... c5 20. Nb3
cxb4 21. c5 dxc5 22. Nxc5 Qg7 23. Rxb4 $16 {1-0 (48) Krasenkow,M (2631)-Vovk,A
(2506) Vlissingen 2009}) 20. Nxd6 $1 cxd5 (20... Qxd6 21. c5 Qd7 22. d6 $16)
21. c5 fxe4 22. Rbd1 Qc7 23. Nxc8 Nxc8 24. Bb5 Nab6 25. Qb3 Qf7 26. cxb6 Nxb6
27. f4 $1 Bxf4 28. g3 Qf5 29. gxf4 exf4 30. Nxe4 Qxe4 31. Rfe1 $18 {1-0 (37)
Grigoryan,G (1950)-Pott,B (1787) Lechenicher SchachServer 2013}) 15. O-O (15.
Qc2 c6 16. O-O cxd5 17. exd5 Nc5 18. f3 Be3+ 19. Bf2 {1/2 (57) Olszewski,M 
(2526)-Chojnacki,K (2441) Police 2012} Bxf2+ 20. Rxf2 f5 $132) 15... Nc5 16.
Qc2 f5 (16... Qe7 {1-0 (39) Anton Guijarro,D (2546)-Moreno Tejera,E (2358) San
Agustin 2012} 17. b4 $1) 17. b4 (17. f3 Be3+ 18. Bf2 Bxf2+ 19. Rxf2 Qe7 20. b4
axb4 21. axb4 Nca4 22. Nd1 fxe4 23. fxe4 Rf4 $132 {1-0 (54) Semcesen,D (2449)
-Wendt,J (2371) Lund 2011}) 17... axb4 (17... Nca4 18. Nb5 (18. Nd1 Nc8 19. f3
b6 20. Nb3 axb4 21. axb4 Rf7 22. Ra1 Ne7 23. c5 bxc5 24. bxc5 Bb5 25. Bf2 Bxe2
26. Qxe2 Nxc5 {1/2 (26) Janosi,E (2120)-Kukula,P (2149) Lechenicher
SchachServer 2012}) 18... Bxb5 19. cxb5 Qf7 20. Rfd1 Kh8 21. Rb3 Bxd2 22. Rxd2
fxe4 23. Qxe4 Qf4 24. Qxf4 exf4 25. Bg5 $14 {1/2 (45) Jorgensen,A (2549)
-Hertel,P (2652) ICCF Email 2002}) 18. axb4 Nxe4 (18... Nca4 19. Nb5 {is still
OK:} (19. Nd1 $5 {looks more appropriate after the opening of the a-file:} g5 (
19... Nc8 20. Ra1 $1) 20. Bg3 f4 21. Bh2 Qe7 22. f3 Rfc8 23. Nb3 c6 24. dxc6
Rxc6 25. Na5 Rc7 26. Ra1 $14 {[%csl Ra4] 1-0 (40) De Verdier,M (2352)-Teterev,
V (2530) Glasgow 2012}) 19... Bxb5 20. cxb5 Nd7 $6 21. Nc4 fxe4 22. Ra1 Nab6
23. Nxb6 Rxa1 24. Rxa1 cxb6 25. Qc7 e3 26. Qxd6 $16 {1-0 (39) Vovk,Y (2571)
-Williams,S (2513) Hastings 2012}) 19. Ndxe4 fxe4 20. c5 Na4 21. Nxe4 Bf5 22.
Bd3 (22. f3 Be3+ 23. Kh2 Bd4 24. cxd6 cxd6 25. Qc7 Qb8 26. Qxb8 Raxb8 27. Rbe1
Bxe4 28. fxe4 Nc3 29. Bd3 Rxf1 30. Rxf1 Rf8 $11 {1/2 (40) Browne,M-Schwerteck,
M www.desc-online.de 2011}) 22... Bxe4 23. Bxe4 Rf4 24. Bg3 Rxe4 25. Qxe4 Nc3
26. Qc4 Nxb1 27. Rxb1 Qf7 28. b5 $5 (28. Re1 Bf8 29. cxd6 cxd6 30. f4 exf4 31.
Bxf4 Qf5 $11 {1/2 (34) Dydyshko,V (2585)-Vajda,L (2557) Slovakia 2010}) 28...
Qf5 29. Re1 Bf8 30. Kh2 Ra3 31. b6 $1 cxb6 32. Qb4 Rd3 33. c6 Qc8 34. Rc1 $14 {
1-0 (37) Raznikov,D (2433)-Klein,D (2359) Oslo 2011}) 14... Be3 15. Bf2 Bxf2+
16. Kxf2 f5 17. Rb1 Qd8 (17... Nc5 $5 18. h4 fxe4 19. Ndxe4 Nxe4+ 20. Nxe4 Bf5
21. Bd3 Nd7 {fighting for the e4-square. Black is obviously fine due to the
awkward position of White's king.}) 18. h4 Nd7 (18... h5 {was quite possible.})
19. h5 Nf6 20. hxg6 hxg6 21. Bd3 c6 22. Qe1 cxd5 {A risky decision yielding
the c4-square to White's knight.} (22... Nc5 23. Bc2 Nh5 $5 {[%cal Yd8g5]} 24.
exf5 $140 Bxf5 25. Bxf5 gxf5 $1) 23. Nxd5 Nxd5 24. cxd5 Nc5 25. Bc2 Qg5 (25...
b5 $5) 26. Kg1 {White could have seized the initiative by means of} (26. Nc4 $1
Ra6 (26... fxe4 27. Qe3 $1 Qxe3+ 28. Kxe3 $36 {- the point}) 27. b4 axb4 28.
axb4 Nd7 (28... b5 29. bxc5 bxc4 30. cxd6) 29. exf5 gxf5 30. Rh3 $142 $1 (30.
b5 Ra2 31. Qc3 Nc5 32. Nxd6 (32. Kg1 Rf6 33. Nxd6 $2 Rxc2 34. Qxc2 Qe3+) 32...
Ne4+ 33. fxe4 fxe4+ 34. Kg1 Rxc2 $1 35. Qxc2 Qe3+ 36. Kh2 Qh6+ $11 {M.Notkin})
30... Qf4 31. b5 Ra2 32. Qc3 Nf6 33. Kg1 Nxd5 34. Qb3 $36) 26... Kg7 (26...
fxe4 27. Bxe4 (27. Nxe4 Nxe4 28. Bxe4 Bf5 $11) 27... Bf5 $11) 27. Nc4 {Now
this is less effective.} fxe4 28. Bxe4 Ra6 29. Qe3 Qxe3+ 30. Nxe3 b5 $11 31.
Bc2 Ra7 32. Kf2 b4 $6 (32... e4 $11 {was safer}) 33. Ra1 Rf4 (33... Ra6 $5 34.
Nc4 Rd8) 34. axb4 $6 (34. Nc4 $5 {, recommended by M.Notkin, forces Black to
give up an exchange:} Rxc4 35. bxc4 b3 36. Be4 Rc7 {although even here he
should hold on.}) 34... Rxb4 35. Ra3 (35. Nc4 {is now harmless. Black has
several good replies;} Bf5 {is probably the most energetic:} 36. Bxf5 gxf5 37.
Nxd6 Nd3+ 38. Kg1 (38. Kg3 Kg6 $5 {[%csl Rg3]} 39. Rh8 Rd7) 38... Rxb3 39.
Nxf5+ Kg6 40. Nd6 a4 $44) 35... Bd7 36. Rha1 a4 37. bxa4 Bxa4 38. Kg3 Ra6 39.
Bxa4 Rbxa4 40. Rxa4 Rxa4 1/2-1/2

[Event "Olympiad-41"]
[Site "Tromsoe"]
[Date "2014.08.05"]
[Round "4.4"]
[White "Postny, Evgeny"]
[Black "Van Kampen, Robin"]
[Result "1/2-1/2"]
[WhiteElo "2651"]
[BlackElo "2638"]
[Annotator "Postny,E"]
[PlyCount "92"]
[EventDate "2014.08.02"]
[EventType "team-swiss"]
[EventRounds "11"]
[EventCountry "NOR"]
[SourceTitle "CBM 162"]
[Source "ChessBase"]
[SourceDate "2014.09.17"]
[SourceVersion "1"]
[SourceVersionDate "2014.09.17"]
[SourceQuality "1"]
[WhiteTeam "Israel"]
[BlackTeam "Netherlands"]
[WhiteTeamCountry "ISR"]
[BlackTeamCountry "NED"]

1. d4 d6 2. Nf3 Nf6 3. c4 g6 4. Nc3 Bg7 5. e4 O-O 6. Be2 e5 7. Be3 exd4 {
This main line is 7...Ng4, but the move in the text is a typical exchange and
Black has recently achieved decent results with it. It's not to everyone's
taste, though, as after opening the centre Black can almost never create an
attack on the kingside.} 8. Nxd4 Re8 9. f3 c6 10. Bf2 {White has to move the
bishop in order to take on d5 with the e-pawn on the next move.} d5 {This
strike in the centre allows Black to get sufficient space.} 11. exd5 cxd5 12.
O-O Nc6 13. c5 {All theory so far. Here Black has a choice.} Bf8 (13... Nh5 {
This is the most common move. My opponent had played it recently as well.} 14.
Qd2 Be5 15. g3 Ng7 16. Rfd1 Bf5 17. Ndb5 $6 (17. Bb5 Bd7 18. Nb3 $14 {1-0 (38)
Wang,Y (2697)-Vovk,A (2551) Hastings 2012}) 17... d4 $1 18. Nxd4 Bxd4 19. Bxd4
Bc2 $1 20. Qxc2 Nxd4 21. Qa4 Nxe2+ 22. Nxe2 Qg5 23. Nd4 Qxc5 $11 {1/2-1/2 (34)
Kovalyov,A (2636)-Van Kampen,R (2636) Montreal 2014}) (13... Re5 {is another
option, but the rook is a bit awkward in the centre.} 14. Bb5 Bd7 15. Bxc6 bxc6
16. b4 a6 17. Qd2 $14 {1-0 (43) Wojtaszek,R (2711)-Cheparinov,I (2672) Warsaw
2013}) 14. Bb5 (14. Kh1 Bd7 15. a3 Nh5 16. Qd2 Nxd4 17. Bxd4 Qh4 18. Bf2 Qf4
19. Rfd1 Bc6 20. Bf1 Rad8 21. Nb5 a6 22. Nd4 Bd7 23. Qxf4 Nxf4 24. g3 Nh3 25.
Bxh3 Bxh3 $11 {1/2-1/2 (35) Sjugirov,S (2635)-Svidler,P (2749) Moscow 2012})
14... Bd7 15. Bxc6 bxc6 16. b4 {So, White has given up his light-squared
bishop, but stabilised the structure and occupied the nice blockading spot on
d4. On the other hand Black's development is also fine and his only weakness
on c6 is difficult to target. It's remarkable that some engines prefer Black's
position. Of course, White is the only side that can claim to have a slight
advantage here.} a5 17. a3 Nh5 {Sooner or later this is a must manoeuvre for
Black as the knight on f6 is doing nothing.} ({The following game was played
in the previous round:} 17... axb4 18. axb4 Rxa1 19. Qxa1 Nh5 20. Re1 Rxe1+ 21.
Qxe1 Nf4 22. Qd2 Qf6 23. Nce2 Nxe2+ 24. Nxe2 Qa1+ 25. Qe1 Qa3 26. Bd4 Qd3 27.
Kf2 Bc8 28. Qc3 $14 {1-0 (51) Iotov,V (2553)-Illescas Cordoba,M (2618) Tromsoe
2014}) ({This one is from the previous Olympiad:} 17... Qc7 18. Qd2 Nh5 19.
Rac1 axb4 20. axb4 Qf4 21. Qxf4 Nxf4 22. Rfd1 Bg7 23. Kf1 $14 {1-0 (61) Al
Sayed,M (2517)-Gallagher,J (2513) Istanbul 2012}) 18. Qd2 Qf6 19. Nce2 Ng7 20.
Rae1 {I wasn't really sure where to put my rook; 20.Rac1 is another logical
option. I thought that an exchange of rooks on the e-file might reduce Black's
chances for active counterplay.} Rab8 {I was a bit puzzled by this move. It's
not bad, but I wouldn't move my rook from the the potentially open a-file.} (
20... axb4 21. axb4 Ra3 22. Ra1 Rea8 23. Rxa3 Rxa3 24. b5 cxb5 (24... Bxc5 $2
25. bxc6 Bxc6 $2 26. Rc1 {and Black is losing material by force.} Bxd4 27. Bxd4
Qe6 28. Nf4 Qe8 29. Bxg7 Kxg7 30. Qb2+ $18) 25. Rc1 Ra6 $1 26. Nf4 {The
position looks promising for White, but Black equalises after} Bc6 27. Nxc6
Rxc6 28. Nxd5 Qd8 $11) (20... h5 $5 {I would consider this move as Black. The
march of the h-pawn might provoke some concession.}) 21. Nc1 axb4 22. axb4 Ra8
{The rook manoeuvres are not very impressive, losing some time, which, however
is not critical at all in this case.} 23. Rxe8 Rxe8 24. Ncb3 Ne6 25. Nxe6 {
I didn't want the knight to get to f4, so decided to swap it.} fxe6 26. f4 e5 {
Black must open the position before White can block it on the dark squares.} (
26... Bh6 $6 27. Bd4 e5 28. Bxe5 Qxe5 29. fxe5 Bxd2 30. Nxd2 Rxe5 31. Kf2 {
leads to an unpleasant endgame for Black. The knight is superior to the bishop
which is restricted by the structure.}) 27. fxe5 Qxe5 28. Nd4 $14 (28. Bd4 $6
Qe4 29. Qg5 Qe7 {White can't benefit from his temporary control over the long
diagonal.}) 28... Bg7 $2 {Of course, the bishop belongs on this diagonal, but
it stops eyeing the Pc5 for the moment.} (28... Qf6 $1 {is the most precise.} {
After} 29. Rc1 Rc8 {Black prevents the b4-b5 push.} (29... Re4 30. b5 Bg7 31.
bxc6 Bxc6 32. Nxc6 Qxc6 33. Rb1 $14)) 29. Re1 $2 {Missing the right moment for
the queenside breakthrough.} (29. b5 $1 cxb5 30. c6 {The variations are not
trivial, but prove that White has good winning chances. The passed pawn is
very strong.} Bf5 (30... Be6 31. Re1 Qd6 32. Rxe6 Rxe6 33. Nxe6 Qxe6 34. Qc1
$16 {[%csl Gc6]}) 31. Nxb5 Rc8 (31... Qe2 32. Qxd5+ Be6 33. Qc5 Qd3 (33... Bf8
34. Nd6 Qd3 35. Bd4 Bxd6 36. Qxd6 Bc4 37. Ra1 $18) 34. c7 Bf8 35. Qb6 Bd5 36.
Nd6 Bxd6 37. Qxd6 Qe4 38. Qg3 $18) 32. Re1 Be4 33. c7 Qe6 (33... Bf8 34. Bd4
Qe6 35. Qf4 $18) 34. Nc3 $1 Bxc3 (34... Rxc7 $4 35. Nxe4 dxe4 36. Qd8+ $18) 35.
Qxc3 Qd6 36. Rc1 $16 {[%csl Gc7]}) 29... Qb8 30. Rxe8+ ({After} 30. Rc1 $6 Re4
{the black rook becomes too active.}) 30... Qxe8 31. h3 Qe4 $11 32. b5 {
I saw that this leads to a forced draw, but couldn't see anything better. At
this moment on other boards the fight was in full swing. That's why I was
hesitating, as I didn't know if the draw would be okay for the team or not.}
cxb5 (32... Bxd4 $6 33. Bxd4 cxb5 34. Qf2 Qf5 35. Qg3 Kf7 {is also objectively
equal, but Black must be accurate here so as not to come under attack on the
dark squares.}) 33. c6 Bxd4 {The forced, though not the only option that leads
to a draw.} (33... Bc8 34. Nxb5 Qc4 35. Nd6 Qxc6 36. Nxc8 Qxc8 37. Qxd5+ Kh8
$11) (33... Be8 34. c7 Bd7 35. Qg5 Bxd4 36. Qd8+ Be8 37. Bxd4 Qxd4+ 38. Kh2
Qe5+ 39. Kg1 Qe1+ $11) 34. cxd7 Bxf2+ 35. Qxf2 (35. Kxf2 $4 Qf5+ $19 {[%csl
Rd7]}) 35... Qe7 36. Qa7 Qe1+ 37. Kh2 Qe5+ 38. Kh1 Qe1+ 39. Qg1 Qe7 40. Qa7 {
It's impossible to avoid the perpetual check. My queen can't protect the king
and the passed pawn simultaneously.} Qe1+ 41. Kh2 Qe5+ 42. g3 Qe2+ 43. Kg1 Qe1+
44. Kg2 Qe2+ 45. Qf2 Qe7 46. Qa7 Qe2+ {The final score in this tense match was
2-2!} 1/2-1/2

[Event "Grand Slam Final 7th"]
[Site "Bilbao"]
[Date "2014.09.14"]
[Round "1"]
[White "Anand, Viswanathan"]
[Black "Ponomariov, Ruslan"]
[Result "1-0"]
[WhiteElo "2785"]
[BlackElo "2717"]
[Annotator "Havasi,G"]
[PlyCount "121"]
[EventDate "2014.09.14"]
[EventType "tourn"]
[EventRounds "6"]
[EventCountry "ESP"]
[EventCategory "21"]
[SourceTitle "CBM 163"]
[Source "ChessBase"]
[SourceDate "2014.11.11"]
[SourceVersion "1"]
[SourceVersionDate "2014.11.11"]
[SourceQuality "1"]

1. d4 d6 {Black starts with 1...d6, allowing White to transpose to the Pirc by
2.e4. If he wants to play the King's Indian, he should play more
straightforwardly with 1...Nf6.} 2. Nf3 {However, White doesn't want to take
advantage of the transposition.} g6 3. c4 Bg7 4. Nc3 Nf6 {After an interesting
move order, we are in a King's Indian.} 5. e4 O-O 6. h3 {This move is becoming
more and more popular, many top players have employed it recently.} e5 7. d5 a5
8. Be3 $5 {This setup is less popular, than 8.Bg5, but this plan has been
played by many good players recently. The plan is to play g4, Nd2 and
continuing the development. It's important to know, that the whole 6.h3 system
is played against Black's ...f5.} (8. Bg5 {is more popular.}) 8... Na6 {
Here White usually prepares for ...f5, this can be done in two ways, 9.Nd2 and
9.g4.} 9. g4 ({Ding Liren preferred to start with} 9. Nd2 Nd7 {and Black
decided not to transpose} (9... Nc5 10. g4 {would transpose to 9.g4}) 10. g4 f5
11. gxf5 gxf5 12. exf5 Ndc5 13. Nde4 Bxf5 14. Bg2 Qh4 $1 15. Bg5 $1 Nd3+ $1 {
The only move.} 16. Ke2 (16. Qxd3 Qxg5 17. Nxg5 Bxd3 {Black's activity seems
to compensate for Black's weaknesses.}) 16... Qh5+ $1 17. Bf3 Qxf3+ $1 18. Kxf3
Bxe4+ 19. Ke3 Nxf2 (19... Bg6 $5 $40 {also comes into consideration, after
which White will have to fight hard to avoid losing immediately.}) 20. Qg1 Bxh1
21. Bh6 Rf3+ 22. Kd2 Rf7 23. Bxg7 Rxg7 24. Qxf2 Rf8 $44 {Ding Liren-Lin Chen,
Jiaxing 2014}) 9... Nc5 (9... Nd7 {was preferred by Nakamura and he managed to
get a nice position after} 10. h4 Ndc5 (10... Nf6 {may also be interesting})
11. Nd2 Nb4 {Forcing White to give up the B pair.} 12. Bxc5 dxc5 13. a3 Na6 (
13... Bxg4 14. f3 $1) 14. Bd3 Qf6 15. g5 Qe7 ({The straightforward} 15... Qf4
$6 {isn't good, because} 16. Ne2 $1 Qg4 17. Qc2 {is promising for White.}) 16.
Qf3 f6 17. Qg3 c6 18. Nf3 (18. O-O-O $5) 18... Nc7 19. O-O-O Ne8 $13 {Wang
Hao-Nakamura, Dubai 2014}) 10. Nd2 c6 (10... Nfd7 {is also possible} 11. Rg1
Kh8 12. Qc2 Nb6 13. g5 f5 14. h4 f4 15. Bxc5 dxc5 16. Qd3 $16 {Wang
Hao-Sandipan, Dubai 2014. White has a nice position, because of the Bh3 and h5
plan.}) 11. Be2 Bd7 12. g5 Ne8 13. h4 (13. Nb3 Nxb3 14. Qxb3 a4 15. Qc2 f5 $13
{Bacrot-Ding Liren, Biel 2013}) 13... f6 $146 {This is in practical terms
Ponomariov's novelty. Black tries to undermine White's centre, but White's
position is very stable.} (13... Nc7 14. h5 Re8 15. hxg6 hxg6 16. Kf1 N7a6 17.
a3 a4 18. Kg2 $36 {Raznikov-Kozul, Skopje 2013}) (13... f5 14. h5 Rf7 15. hxg6
hxg6 16. exf5 Bxf5 $13 {Izzat-Guseinov, Baku 2013}) 14. Nb3 b6 (14... Nxb3 15.
Qxb3 $16) 15. Nxc5 bxc5 16. Qd2 $1 {There is no reason to hurry with h5.} fxg5
(16... f5 17. O-O-O $16 {is a typical better position for White, he will play
h5 and Black can't do anything.}) 17. hxg5 cxd5 (17... Qb6 18. O-O-O $16 {
is hopeless for Black, because he is positionally lost.}) 18. Nxd5 Rf7 19.
O-O-O Rb8 {White has achieved a nice position, his strategy has completely
triumphed, but now he has to find a way to improve the position.} 20. Rh2 Be6
21. Nc3 (21. Qd3 $1 {was very strong. White overprotects the b2 P by Rd2 in
order to play f4 at some point.}) 21... Qb6 22. Nb5 Bf8 $1 {Black takes his
chance. He defends the d6 P in order to play Nc7.} 23. a4 Qb7 $6 (23... Nc7 $1
{was the last chance for Black in connection with the Na6-b4-c6-d4 manoeuvre.})
24. Qc2 {White played this move instead of f3 for two reasons, he wanted to
put pressure on the d6 P and he wanted to play f4, so he decided not to commit
himself to playing f3.} (24. f3 {was good as well.}) 24... Be7 25. Kb1 Qc6 26.
Bd2 Bd8 27. Qd3 Rbb7 28. Rf1 {Having achieved a nice advantage, Anand decides
to break through.} Rf8 29. f4 $1 exf4 30. Rxf4 Rxf4 31. Bxf4 Rf7 32. Bd2 Be7
33. Rg2 $1 {This is the second phase of the plan. He exchanges his '"bad" B.}
Qb6 34. Bg4 Bxg4 35. Rxg4 Nc7 36. Rf4 $1 {Now exchanging the Rs, because the K
is left without defenders.} Ne6 (36... Rxf4 37. Bxf4 $40) 37. Rxf7 Kxf7 38. Qd5
Qd8 39. Ka2 Bf8 40. Bf4 Qd7 41. b3 (41. Ka3 Qd8 42. Nxd6+ Bxd6 43. Bxd6 $18 {
was also good.}) 41... Be7 42. Nxd6+ Kf8 43. e5 Nxg5 (43... Bxd6 44. Bg3 $18)
44. Qxc5 {The rest is easy.} Qg4 45. Bc1 h5 46. Qxa5 (46. Qc6 $18) 46... Qg2+
47. Bb2 h4 48. Qb5 Qa8 49. c5 h3 50. c6 Bd8 51. Qd5 Bc7 52. Bc1 Qa5 53. Nb5 Qe1
54. Ba3+ Kg7 55. Nxc7 h2 56. Ne8+ Kh6 57. Nf6 Qe2+ 58. Bb2 Ne4 59. Qxe4 Qxe4
60. Nxe4 h1=Q 61. c7 1-0